| 000 | 01891nam a2200349 a 4500 | ||
|---|---|---|---|
| 001 | ebr10678009 | ||
| 003 | CaPaEBR | ||
| 006 | m u | ||
| 007 | cr cn||||||||| | ||
| 008 | 090825s2010 nyua sb 001 0 eng d | ||
| 010 | _z 2009034752 | ||
| 020 | _z9781608764310 (hardcover) | ||
| 020 | _z1608764311 (hardcover) | ||
| 020 | _z9781617614804 (e-book) | ||
| 040 |
_aCaPaEBR _cCaPaEBR |
||
| 035 | _a(OCoLC)834607996 | ||
| 050 | 1 | 4 |
_aRC865 _b.G87 2010eb |
| 082 | 0 | 4 |
_a616.3/52 _222 |
| 100 | 1 | _aGupta, Pravin Jaiprakash. | |
| 245 | 1 | 2 |
_aA guide to hemorrhoidal disease _h[electronic resource] / _cPravin Jaiprakash Gupta. |
| 260 |
_aNew York : _bNova Science Publishers, _c2010. |
||
| 300 |
_a169 p. : _bill. (some col.). |
||
| 490 | 1 | _aAdvances in biology and medicine series | |
| 504 | _aIncludes bibliographical references and index. | ||
| 505 | 0 | _aIntroduction and history -- Causes of hemorrhoids -- Anatomy of hemorrhoids -- Pathophysiology of hemorrhoidal disease -- Clinical presentation of hemorrhoidal disease -- Hemorrhoids presenting with complications -- Diagnosis and classification of hemorrhoids -- Conservative treatment for hemorrhoids -- Office treatment of hemorrhoids -- Surgical treatment of hemorrhoids -- Complications of hemorrhoid surgery -- Hemorrhoids in special situations -- External hemorrhoidal disease -- Frequently asked questions about hemorrhoids -- Hemorrhoids: point to ponder. | |
| 533 |
_aElectronic reproduction. _bPalo Alto, Calif. : _cebrary, _d2013. _nAvailable via World Wide Web. _nAccess may be limited to ebrary affiliated libraries. |
||
| 650 | 0 | _aHemorrhoids. | |
| 655 | 7 |
_aElectronic books. _2local |
|
| 710 | 2 | _aebrary, Inc. | |
| 830 | 0 | _aAdvances in biology and medicine series. | |
| 856 | 4 | 0 |
_uhttp://site.ebrary.com/lib/rucke/Doc?id=10678009 _zAn electronic book accessible through the World Wide Web; click to view |
| 999 |
_c59406 _d59406 |
||